Maritime Law / (Record no. 613633)
[ view plain ]
| 000 -LEADER | |
|---|---|
| fixed length control field | 00350nam a22001457a 4500 |
| 020 ## - INTERNATIONAL STANDARD BOOK NUMBER | |
| International Standard Book Number | 9781843112556 |
| 082 ## - DEWEY DECIMAL CLASSIFICATION NUMBER | |
| Classification number | 343.0968 |
| Author Mark | HIL |
| 100 ## - MAIN ENTRY--PERSONAL NAME | |
| Personal name | Hill, Christopher |
| 245 ## - TITLE STATEMENT | |
| Title | Maritime Law / |
| Statement of responsibility, etc. | Christopher Hill |
| 250 ## - EDITION STATEMENT | |
| Edition statement | 6th Edition. |
| 260 ## - PUBLICATION, DISTRIBUTION, ETC. | |
| Place of publication, distribution, etc. | Abingdon : |
| Name of publisher, distributor, etc. | Routledge, |
| Date of publication, distribution, etc. | 2014. |
| 300 ## - PHYSICAL DESCRIPTION | |
| Extent | 587 p. |
| 563 ## - BINDING INFORMATION | |
| Binding note | HB. |
| 942 ## - ADDED ENTRY ELEMENTS (KOHA) | |
| Source of classification or shelving scheme | |
| Koha item type | Book |
| Withdrawn status | Lost status | Source of classification or shelving scheme | Damaged status | Not for loan | Permanent Location | Current Location | Date acquired | Total Checkouts | Full call number | Barcode | Date last seen | Price effective from | Koha item type |
|---|---|---|---|---|---|---|---|---|---|---|---|---|---|
| NUST Law School (NLS) | NUST Law School (NLS) | 04/17/2025 | 343.0968 HIL | NLS-1682 | 04/17/2025 | 04/17/2025 | Book |
